| 000 | 01095nas a2200289 i 4500 | ||
|---|---|---|---|
| 001 | 509219 | ||
| 005 | 20251113105649.0 | ||
| 007 | ta | ||
| 008 | 890206e2019 dr b p|co || |ospa ||spa| | ||
| 011 | _a2019 | ||
| 040 |
_aDO-SdBNP _bspa _cDO-SdBNP _erda |
||
| 041 | _hspa | ||
| 110 |
_aCaormedia _988041 |
||
| 245 |
_aSelecta / _cCaormedia. |
||
| 264 |
_aSan Francisco de Macorís, República Dominicana : _bCaormedia, _c2019. |
||
| 300 |
_avolumen : _bilustraciones, fotografías ; _c23 cm. |
||
| 310 | _aBimestral. | ||
| 336 |
_atexto _btxt _2rdacontent |
||
| 337 |
_asin mediación _bn _2rdamedia |
||
| 338 |
_avolumen _bnc _2rdacarrier |
||
| 362 | _aVolumen. Número: 26, mayo-junio, 2019. | ||
| 500 | _aRevista de variedades. | ||
| 520 | _aRevista Selecta: es desde el 2015 seleccionando y proyectando a los más destacados profesionales, emprendedores y talentos del Nordeste. | ||
| 650 | 0 |
_aEmprendedurismo _988042 _vPublicaciones periódicas _zRepública Dominicana |
|
| 650 | 0 |
_aLiderazgo _vPublicaciones periódicas _zRepública Dominicana _92140 |
|
| 942 |
_cISSUE _2ddc |
||
| 999 |
_c59205 _d59205 |
||